Statistiques concernant Personnages Lego Star Wars La Saga Skywalker (avec DLC)

Cliquez ici pour prendre le quiz!

Statistiques générales

  • Ce quiz a été pris 56 fois
  • Le résultat moyen est 50 sur 270

Statistiques - réponses

HintRéponse% Correct
JediAnakin Skywalker
97%
HerosLeia Organa
92%
JediLuke Skywalker
92%
JediLuke Starkiller
92%
JediObi Wan Kenobi
89%
HerosC'ai Threnalli
87%
AstromecanoR2 D2
82%
JediYoda
82%
ExtraD-O
79%
ProtocoleC3PO
76%
SithDark Vador
76%
JediRey Palpatine
76%
SithDark Maul
74%
VaurienHan Solo
74%
SithPalpatine
74%
HerosPadmé Amidala
71%
VaurienChewbacca
66%
SithComte Dooku
66%
JediKi Adi Mundi
66%
AstromecanoBB 8
63%
JediMace Windu
63%
JediQui Gon Jinn
63%
Chasseur de PrimeBoba Fett
61%
JediPlo Koon
61%
HerosFinn
58%
HerosGree
58%
SithKylo Ren
58%
Chasseur de PrimeJango Fett
55%
JediKit Fisto
55%
ExtraJabba LeHutt
53%
HerosPoe Dameron
53%
JediAhsoka Tano
50%
VilainGrievous
50%
HerosJarjar Binks
47%
JediLuminara Unduli
47%
HerosClone
45%
VaurienLando Calrissian
45%
HerosRex
45%
JediYaddle
45%
HerosCody
42%
SithSnoke
42%
JediAayla Secura
39%
VilainStormtrooper
39%
VilainTarkin
39%
VilainHux
34%
JediYarael Poof
34%
HerosAftab Ackbar
32%
Chasseur de PrimeBossk
32%
ExtraDroideka
32%
JediBarriss Offee
29%
Chasseur de PrimeIG-88
29%
PilleurJawa
29%
HerosMon Mothma
29%
PilleurTusken
29%
SithAsajj Ventress
26%
JediBen Solo
26%
HerosBoss Nass
26%
Chasseur de PrimeDengar
26%
Chasseur de PrimeGreedo
26%
VilainMoff Gideon
26%
VilainPhasma
26%
HerosRose Tico
26%
JediShaak Ti
26%
ExtraShmi
26%
ExtraWatto
26%
HerosAmirale Holdo
24%
HerosAmi Rebelle
24%
HerosBail Organa
24%
Chasseur de PrimeCad Bane
24%
JediEzra Bridger
24%
JediKanan Jarrus
24%
VaurienMaz Kanata
24%
ExtraPoggle le Bref
24%
ExtraSebulba
24%
Chasseur de PrimeAurra Sing
21%
ExtraBib Fortuna
21%
HerosCassian Andor
21%
HerosEcho
21%
HerosJyn Erso
21%
AstromecanoR4 P17
21%
Chasseur de PrimeSabine Wren
21%
HerosTarful
21%
HerosBo Katan Kryze
18%
VilainDroide B1
18%
VilainGar Saxon
18%
ExtraK2SO
18%
Chasseur de PrimeLe Mandalorien Mando
18%
ExtraLobot
18%
ExtraNutr Gunray
18%
PilleurWicket
18%
Chasseur de PrimeZam Wesell
18%
HerosBiggs Starkiller
16%
HerosCapitaine Antilles
16%
HerosCapitaine Panaka
16%
ExtraGarde du Senat
16%
ExtraGarde Pretorien
16%
VilainGarde Royal
16%
HerosHera Syndulla
16%
JediJocasta Nu
16%
ExtraLama Su
16%
SithSavage Opress
16%
ExtraSuper droide B2
16%
Chasseur de Prime4-Lom
13%
HerosChirrut Imwe
13%
VilainCrosshair
13%
ExtraGonk
13%
HerosHunter
13%
VilainJet Trooper
13%
VilainKrennic
13%
VilainPilote TIE
13%
ExtraRancor
13%
VilainSnowtrooper
13%
HerosTarpals
13%
HerosTech
13%
HerosTypho
13%
HerosWedge Antilles
13%
HerosWrecker
13%
Chasseur de PrimeZuckuss
13%
ExtraBabu Frik
11%
AstromecanoBB 9E
11%
HerosCara Dune
11%
VaurienDJ
11%
Chasseur de PrimeFennec Shand
11%
VilainFlametrooper
11%
Extragrand
11%
Chasseur de PrimeGreef Karga
11%
HerosGungan
11%
HerosJannah
11%
PilleurKuiil
11%
ExtraMama Le Hutt
11%
ExtraMax Rebo
11%
HerosNien Numb
11%
ExtraOola
11%
VilainPryde
11%
VaurienQi'ra
11%
ProtocoleTC 14
11%
VilainTrooper de Mimban
11%
VilainTrooper Sith
11%
ExtraUnkar Plutt
11%
ExtraWampa
11%
VaurienWookie Errant
11%
VaurienBala Tik
8%
HerosBaze Malbus
8%
HerosBeaumont Kin
8%
HerosBodhi Rook
8%
PilleurChirpa
8%
VilainDeath Trooper
8%
ExtraDexter Jettster
8%
Chasseur de PrimeIG-11
8%
ProtocoleK3PO
8%
PilleurLogray
8%
ExtraMas Amedda
8%
ExtraOdy Mandrell
8%
PilleurPaploo
8%
ProtocoleR3PO
8%
AstromecanoR5 D4
8%
ExtraReine Amidala
8%
SithReva
8%
ExtraSalacious Crumb
8%
VilainSandTrooper
8%
VilainScouttrooper
8%
VilainSoldat de la flotte
8%
PilleurTeebo
8%
PilleurTeedo
8%
VaurienTobias Beckett
8%
Protocole8D8
5%
Chasseur de PrimeBazine Netal
5%
HerosBoolio
5%
VilainCanady
5%
VilainCardo
5%
Chasseur de PrimeCarib Diss
5%
HerosConnix
5%
VaurienDocteur Evazan
5%
ProtocoleE3PO
5%
ExtraEV 9D9
5%
VilainFN-2199
5%
ExtraFode et Beed
5%
ExtraSy Snootles
5%
PilleurL'armurier
5%
ExtraMaître du decryptage
5%
ExtraMustafarien
5%
VaurienPonda Baba
5%
ExtraRatts Tyerell
5%
ExtraRee Yees
5%
ExtraRune Haako
5%
VaurienSidon Ithano
5%
HerosTallie Lintra
5%
VaurienTasu Leech
5%
ExtraUgnaught
5%
ExtraWeequay
5%
VaurienZorii Bliss
5%
Protocole2 1B
3%
ExtraAcolyte Sith
3%
ProtocoleAD 4M
3%
VilainAp'Lek
3%
ExtraBobbajo
3%
Chasseur de PrimeBoushh
3%
ExtraCarbonite
3%
SithCinquième frère
3%
Herosd'Acy
3%
ExtraDellso Prin
3%
HerosEllo Asty
3%
ExtraFigrin D'an
3%
AstromecanoG8 R3
3%
HerosGarven Dreis
3%
ExtraGasgano
3%
ExtraGonkatine
3%
HerosGrakchawwaa
3%
ExtraGrebe Korora
3%
ExtraGreeata Jendowanian
3%
ExtraIG-101
3%
HerosJek Porkins
3%
HerosJess Pava
3%
VilainJir
3%
ExtraJubnuk
3%
AstromecanoK3 R1
3%
ExtraKlaud
3%
Chasseur de PrimeKrrsantan
3%
VilainKuruk
3%
ExtraLC24
3%
SithL'empereur
3%
HerosLuthen Rael
3%
ExtraMawhonic
3%
ProtocoleME-8D9
3%
ExtraMister Bones
3%
ExtraNambi Ghima
3%
VilainOOM-9
3%
VilainPeavey
3%
AstromecanoR2 A6
3%
AstromecanoR2 B1
3%
AstromecanoR2 KT
3%
AstromecanoR2 N3
3%
AstromecanoR2 Q5
3%
AstromecanoR2 R9
3%
AstromecanoR4 M9
3%
AstromecanoR5 2JE
3%
ProtocoleRA 7
3%
HerosRic Olie
3%
ExtraRoger
3%
Chasseur de PrimeRothgar Deng
3%
VilainShoretrooper
3%
ExtraSouris
3%
HerosTheron Nett
3%
ExtraTion Medon
3%
VilainTrudgen
3%
VilainUshar
3%
ExtraWillrow Hood
3%
HerosWrobie Tyce
3%
HerosZev Senesca
3%
ProtocoleA1 DE
0%
ExtraAlida Auka
0%
PilleurBix Calaen
0%
VaurienCobb Vanth
0%
VilainDedra Meero
0%
ExtraDroide Mecano
0%
HerosEnfin Nest
0%
ExtraGrummar
0%
VilainMitrailleur
0%
PilleurPeli Motto
0%
VilainProtecteur Souverain
0%
AstromecanoR2 M2
0%
HerosRrieekan
0%
ExtraSonde
0%
VilainSyril Karn
0%
ExtraTemeri Blagg
0%
HerosTemminn Wexley
0%
VilainThraun
0%
VilainTrooper Frontalier
0%
ExtraUbbla Molibro
0%
VilainVictrul
0%

Distribution des résultats

Percentile par nombre de réponses

% des personnes avec chaque résultat

Votre développement - résultats

Vous n’avez pas pris ce quiz